Chmelivsky dni chliba - Chlib naš každodennyj

Bibliographic Details
Main Author: Lysinová, Silvia, 1975- (Author, Photographer)
Format: Article
Language:Ukrainian
PhysicalDescription:Fotogr.
Subjects:

MARC

LEADER 00000nab a2200000 a 4500
001 vtls008901504
003 SK-MaSNL
005 20260318114933.0
008 061220c2006 xo mr p 000 c0ukr
038 |a SVKPOCL 
040 |a SVKPOCL  |b slo  |c AACR2  |e AACR2 
041 0 |a ukr 
044 |a xo  |c SK 
080 |a 316.022.4(=161)(437.6)  |2 2001 
080 |a 394.1:06.078  |2 2001 
080 |a 06.078  |2 2003 
100 1 |a Lysinová, Silvia,  |d 1975-   |4 aut  |4 pht  |9 1032581 
245 1 0 |a Chmelivsky dni chliba - Chlib naš každodennyj  |c S. Lysinova, foto avtorky 
300 |b Fotogr. 
611 2 7 |a Chmeľovské dni chleba  |n (2. :  |d 2006 :  |c Chmeľová, Slovensko)  |2 svkpocl  |9 1618791 
611 2 7 |a Dni rusínskych tradícií  |d (2006 :  |c Slovensko)  |2 svkpocl  |9 1618792 
650 0 7 |a Rusíni  |z Slovensko  |2 svkpocl  |9 336690 
650 0 7 |a ľudové tradície  |2 svkpocl  |9 4960 
650 0 7 |a festivaly  |2 svkpocl  |9 3406 
651 7 |a Cmeľová (Slovensko)  |2 svkpocl  |9 1618793 
651 7 |a Bardejov (Slovensko : okres)  |2 svkpocl  |9 28620 
773 0 |t Info Rusyn  |g Roč. III, č. 9 (2006), s. 7 
852 |a SVKPO  |b KIS3GCP 
856 4 1 |a rusinska.obroda@stonline.sk 
856 4 1 |a www.rusyn.sk 
958 |a RN 
958 |a SK 
999 |c 3335749  |d 3337679